| 000 | 01817nam0a22003251 4500 | ||
|---|---|---|---|
| 001 | rc\3514370 | ||
| 005 | 20260407065301.0 | ||
| 021 |
_aRU _b[73-58100] |
||
| 035 | _a(NLR Aleph) 007658833 | ||
| 090 |
_a6309527 _c6309527 |
||
| 100 | _a20130115d1973 |||y0rusy50 ca | ||
| 101 | 1 |
_arus _ceng |
|
| 102 | _aRU | ||
| 105 | _aa z |||a| | ||
| 200 | 1 |
_aР - значит ракета _eФантаст. рассказы _e[Для сред. и ст. возраста _fПер. с англ. Н. Галь и Э. Кабалевской _gПослесл. Р. Подольного _gИл.: М. Ромадин] |
|
| 210 |
_aМосква _cДет. лит. _d1973 |
||
| 215 |
_a190 с. _cил. _d21 |
||
| 327 | 0 | _aСодерж.: Р - значит ракета; Конец начальной поры; Ревун; Ракета; Космонавт; Золотые яблоки Солнца; И грянул гром...; Нескончаемый дождь; Земляничное окошко; Дракон, и др. рассказы | |
| 464 | 0 |
_12001#$aР - значит ракета$aКонец начальной поры$aРевун$aРакета$aКосмонавт$aЗолотые яблоки Солнца$aИ грянул гром...$aНескончаемый дождь$aЗемляничное окошко$aДракон _tДракон |
|
| 608 |
_aНаучно-фантастические романы и рассказы (д. л.) _2psbo |
||
| 700 | 1 |
_4070 _7ca _8rus _aБрэдбери _bР. _f1920-2012 _gРэй _9125656 _3RU\NLR\AUTH\7716011 |
|
| 702 | 1 |
_aКабалевская _bЭ. _4730 |
|
| 702 | 1 |
_aПодольный _bР. _4080 |
|
| 702 | 1 |
_aРомадин _bМ. _4440 |
|
| 702 | 1 |
_aГаль _bН. _4730 |
|
| 801 | 0 |
_aRU _bNLR _gpsbo |
|
| 801 | 1 |
_aRU _bELAR _2rusmarc |
|
| 852 |
_aNLR _j73-3/5014 |
||
| 942 | _cBOOK | ||
| 980 | _aNB | ||